[Event "Dhaka op"]
[Site "Dhaka"]
[Date "2024.01.19"]
[Round "5"]
[White "Ahmed, Sk Nasir"]
[Black "Sakline Mostafa, Sajid"]
[Result "1-0"]
[WhiteElo "2182"]
[BlackElo "2110"]
[PlyCount "78"]
[EventDate "2024.01.15"]
[EventType "swiss"]
[EventRounds "9"]
[EventCountry "BAN"]
[SourceTitle "CB05_2024"]
[SourceDate "2024.01.31"]
[SourceVersion "1"]
[SourceVersionDate "2024.01.31"]
[SourceQuality "1"]

1. c4 c6 2. Nf3 d5 3. b3 Nf6 4. g3 g6 5. Bb2 Bg7 6. Bg2 0-0 7. 0-0 a5 8. d3 a4 9. b4 b5 10. Qc1 Bb7 11. Rd1 Nbd7 12. Na3 Rc8 13. Bc3 Re8 14. Qb2 Ba6 15. Rac1 Qb6 16. Bd4 Qb7 17. Ne5 Nxe5 18. Bxe5 Bf8 19. cxd5 cxd5 20. Qd4 Red8 21. Nb1 Nd7 22. Bxd5 Nxe5 23. Bxb7 Rxc1 24. Rxc1 Rxd4 25. Bxa6 Rxb4 26. Nc3 Rb2 27. Bxb5 a3 28. Ba4 e6 29. Bb3 Bb4 30. Kf1 Rd2 31. Nd1 Kf8 32. h3 Rb2 33. Rc8+ Ke7 34. Nxb2 axb2 35. Bc2 Kd7 36. Rb8 Nc6 37. Rb7+ Kd6 38. e3 Bc3 39. Rb3 Kd5 1-0

[Event "BAN-ch U18 41st"]
[Site "Dhaka"]
[Date "2023.12.30"]
[Round "8"]
[White "Zia, Tahsin Tajwar"]
[Black "Sakline Mostafa, Sajid"]
[Result "0-1"]
[WhiteElo "2303"]
[BlackElo "2089"]
[PlyCount "61"]
[EventDate "2023.12.25"]
[EventType "swiss"]
[EventRounds "9"]
[EventCountry "BAN"]
[SourceTitle "CB01_2024"]
[SourceDate "2024.01.03"]
[SourceVersion "1"]
[SourceVersionDate "2024.01.03"]
[SourceQuality "1"]

1. Nf3 d5 2. c4 c6 3. g3 Nf6 4. Bg2 g6 5. b3 Bg7 6. Bb2 0-0 7. 0-0 b6 8. d4 Bb7 9. Nc3 Nbd7 10. Qd2 Re8 11. Rfd1 e6 12. Rac1 Qe7 13. e3 Rad8 14. Ne1 Qd6 15. cxd5 exd5 16. Nd3 Ne4 17. Qc2 f5 18. b4 Ba6 19. a4 Bc4 20. b5 Rc8 21. Qb1 a6 22. bxc6 Rxc6 23. Qa1 Rec8 24. Ba3 Qe6 25. Nf4 Qf7 26. f3 Nef6 27. Bf1 Bh6 28. Bxc4 Rxc4 29. Qa2 Rxc3 30. Rxc3 Rxc3 31. Bc1 0-1

[Event "BAN-ch U18 41st"]
[Site "Dhaka"]
[Date "2023.12.29"]
[Round "7"]
[White "Sakline Mostafa, Sajid"]
[Black "Shadat, Kibria Ayaan"]
[Result "1-0"]
[WhiteElo "2089"]
[BlackElo "1664"]
[PlyCount "91"]
[EventDate "2023.12.25"]
[EventType "swiss"]
[EventRounds "9"]
[EventCountry "BAN"]
[SourceTitle "CB01_2024"]
[SourceDate "2024.01.03"]
[SourceVersion "1"]
[SourceVersionDate "2024.01.03"]
[SourceQuality "1"]

1. d4 Nf6 2. c4 e6 3. Nf3 b6 4. g3 Bb7 5. Bg2 Be7 6. 0-0 0-0 7. Qc2 d6 8. Nc3 c5 9. d5 h6 10. Nh4 exd5 11. Nf5 Nc6 12. cxd5 Ne5 13. f4 Ng6 14. e4 Re8 15. e5 Nh7 16. e6 Nf6 17. b3 Nf8 18. Nxe7+ Qxe7 19. f5 a6 20. Bb2 b5 21. Rae1 Rad8 22. Qd2 N8h7 23. h3 Rc8 24. Ne4 Nxe4 25. Rxe4 Nf6 26. Rh4 fxe6 27. fxe6 Rf8 28. Rhf4 Rc7 29. Bxf6 Rxf6 30. Rxf6 gxf6 31. Rf4 Qf8 32. Rg4+ Rg7 33. Qxh6 Rxg4 34. Qxf8+ Kxf8 35. hxg4 a5 36. Kf2 b4 37. Bf3 a4 38. bxa4 c4 39. Ke3 b3 40. axb3 cxb3 41. Kd2 Ba6 42. Kc3 Kg7 43. Kxb3 Bd3 44. Kb4 f5 45. g5 Kf8 46. Kc3 1-0

[Event "BAN-ch U18 41st"]
[Site "Dhaka"]
[Date "2023.12.27"]
[Round "4"]
[White "Afnan, Zarif Haque"]
[Black "Sakline Mostafa, Sajid"]
[Result "0-1"]
[WhiteElo "1786"]
[BlackElo "2089"]
[PlyCount "76"]
[EventDate "2023.12.25"]
[EventType "swiss"]
[EventRounds "9"]
[EventCountry "BAN"]
[SourceTitle "CB01_2024"]
[SourceDate "2024.01.03"]
[SourceVersion "1"]
[SourceVersionDate "2024.01.03"]
[SourceQuality "1"]

1. c4 c6 2. Nf3 Nf6 3. g3 d5 4. Bg2 Bg4 5. d3 Nbd7 6. b3 e5 7. 0-0 Bd6 8. Qc2 0-0 9. Nbd2 Qe7 10. e4 a5 11. a3 Nc5 12. Bb2 dxe4 13. dxe4 Bxf3 14. Nxf3 a4 15. b4 Nb3 16. Rad1 c5 17. Nh4 g6 18. b5 Nd4 19. Qd2 Nd7 20. Kh1 Nb6 21. Qd3 Rad8 22. Bh3 Bc7 23. Qc3 f6 24. Ng2 Rd6 25. Ne3 Qg7 26. Nd5 Qh6 27. Bg2 Nxd5 28. cxd5 Bb6 29. Qc4 Qh5 30. Bxd4 cxd4 31. Qb4 Rfd8 32. f4 Qe2 33. Qxa4 Rc8 34. Bf3 Qa2 35. Rc1 Rxc1 36. Rxc1 Qf2 37. Qd1 Qe3 38. Qe2 Qxc1+ 0-1

[Event "BAN-ch U18 41st"]
[Site "Dhaka"]
[Date "2023.12.25"]
[Round "1"]
[White "Sakline Mostafa, Sajid"]
[Black "H M Rehan, Arefin"]
[Result "1-0"]
[WhiteElo "2089"]
[BlackElo "1100"]
[PlyCount "23"]
[EventDate "2023.12.25"]
[EventType "swiss"]
[EventRounds "9"]
[EventCountry "BAN"]
[SourceTitle "CB01_2024"]
[SourceDate "2024.01.03"]
[SourceVersion "1"]
[SourceVersionDate "2024.01.03"]
[SourceQuality "1"]

1. d4 d5 2. c4 dxc4 3. Nf3 Nc6 4. e3 e5 5. Bxc4 Qd6 6. 0-0 Bg4 7. Bxf7+ Kd7 8. d5 e4 9. dxc6+ Kxc6 10. Nd4+ Kc5 11. Qc2+ Kb4 12. Bd2# 1-0

[Event "World ol U16"]
[Site "Eindhoven"]
[Date "2023.08.17"]
[Round "7.4"]
[White "Kumar, Prajit Sai"]
[Black "Sakline Mostafa, Sajid"]
[Result "1-0"]
[WhiteElo "2208"]
[BlackElo "1981"]
[PlyCount "71"]
[EventDate "2023.08.13"]
[EventType "team-swiss"]
[EventRounds "9"]
[EventCountry "NED"]
[SourceTitle "CBM 215 Extra"]
[Source "ChessBase"]
[SourceDate "2023.09.30"]
[SourceVersion "1"]
[SourceVersionDate "2023.09.30"]
[SourceQuality "1"]
[WhiteTeam "Netherlands"]
[BlackTeam "Bangladesh"]
[WhiteTeamCountry "NED"]
[BlackTeamCountry "BAN"]

1. d4 d5 2. Nf3 Nf6 3. c4 dxc4 4. e3 e6 5. Bxc4 c5 6. 0-0 a6 7. Be2 Nc6 8. a3 cxd4 9. exd4 Be7 10. Nc3 0-0 11. Re1 b5 12. Bf4 Bb7 13. Qd2 Na5 14. Rad1 Rc8 15. Ne5 Nd5 16. Nxd5 Bxd5 17. Bd3 f6 18. Nf3 Nb3 19. Qe3 g5 20. Bg3 f5 21. Be5 f4 22. Qe2 g4 23. Nd2 f3 24. gxf3 Nxd2 25. Qxd2 Bxf3 26. Qh6 Rf7 27. Bxh7+ Rxh7 28. Qg6+ Kf8 29. Qxh7 Bxd1 30. Qh8+ Kf7 31. Qh5+ Kf8 32. Rxd1 Qd5 33. Qh8+ Kf7 34. Qxc8 Qf3 35. Re1 Bh4 36. Bg3 1-0

[Event "World ol U16"]
[Site "Eindhoven"]
[Date "2023.08.14"]
[Round "2.17"]
[White "Ajiri, Nygaard"]
[Black "Sakline Mostafa, Sajid"]
[Result "0-1"]
[WhiteElo "1629"]
[BlackElo "1981"]
[PlyCount "70"]
[EventDate "2023.08.13"]
[EventType "team-swiss"]
[EventRounds "9"]
[EventCountry "NED"]
[SourceTitle "CBM 215 Extra"]
[Source "ChessBase"]
[SourceDate "2023.09.30"]
[SourceVersion "1"]
[SourceVersionDate "2023.09.30"]
[SourceQuality "1"]
[WhiteTeam "Uganda"]
[BlackTeam "Bangladesh"]
[WhiteTeamCountry "UGA"]
[BlackTeamCountry "BAN"]

1. e4 c5 2. Nf3 e6 3. c3 Nf6 4. e5 Nd5 5. g3 d6 6. exd6 Bxd6 7. Bg2 0-0 8. Na3 Nc6 9. 0-0 a6 10. Nc2 b5 11. d4 Bb7 12. Ng5 cxd4 13. Nxd4 Nxd4 14. Qxd4 Be7 15. Ne4 Qc7 16. Qd1 Rad8 17. Qe2 e5 18. Bd2 f5 19. Ng5 Qd6 20. Rfe1 h6 21. Nf3 e4 22. Nd4 Qb6 23. f3 Bc5 24. fxe4 Bxd4+ 25. cxd4 Qxd4+ 26. Kh1 fxe4 27. Ba5 Rde8 28. Red1 Qe5 29. Rac1 e3 30. Be1 Rc8 31. Rxc8 Rxc8 32. Kg1 Rc7 33. Rd3 Rc1 34. Bxd5+ Bxd5 35. Qxe3 Rxe1+ 0-1

[Event "Asia zt 3.2"]
[Site "Dhaka"]
[Date "2023.05.08"]
[Round "7"]
[White "Sakline Mostafa, Sajid"]
[Black "Zoar Haque, Prodhan"]
[Result "1-0"]
[WhiteElo "1895"]
[BlackElo "1973"]
[PlyCount "87"]
[EventDate "2023.05.02"]
[EventType "swiss"]
[EventRounds "9"]
[EventCountry "BAN"]
[SourceTitle "CBM 214 Extra"]
[Source "ChessBase"]
[SourceDate "2023.07.31"]
[SourceVersion "1"]
[SourceVersionDate "2023.07.31"]
[SourceQuality "1"]

1. d4 d5 2. c4 c6 3. Nc3 e6 4. e3 f5 5. Nf3 Nf6 6. Bd3 Bd6 7. 0-0 0-0 8. b3 b6 9. Bb2 Bb7 10. Ne2 Nbd7 11. Nf4 Qe7 12. Ng5 Ne4 13. Ngxe6 Rf6 14. c5 bxc5 15. Nxc5 Ndxc5 16. dxc5 Be5 17. Bxe5 Qxe5 18. Rc1 Rh6 19. g3 Nf6 20. h4 Ne4 21. b4 g5 22. hxg5 Nxg5 23. Kg2 Rf8 24. Rh1 Rff6 25. Qc2 Ne4 26. a4 a6 27. Qa2 Kf8 28. Qa1 Qxa1 29. Rxa1 Rxh1 30. Rxh1 h6 31. Bxe4 fxe4 32. Kf1 Bc8 33. Ke1 Ke8 34. Kd2 Kd8 35. Kc3 Kc7 36. b5 Bg4 37. Rh4 Bd1 38. b6+ Kd7 39. Kd4 h5 40. Ke5 Rf7 41. Nxh5 Rxf2 42. Nf6+ Kc8 43. Rh8+ Kb7 44. Ne8 1-0

[Event "Asia zt 3.2"]
[Site "Dhaka"]
[Date "2023.05.07"]
[Round "6"]
[White "Ahmed, Mahtabuddin"]
[Black "Sakline Mostafa, Sajid"]
[Result "1/2-1/2"]
[WhiteElo "2025"]
[BlackElo "1895"]
[PlyCount "106"]
[EventDate "2023.05.02"]
[EventType "swiss"]
[EventRounds "9"]
[EventCountry "BAN"]
[SourceTitle "CBM 214 Extra"]
[Source "ChessBase"]
[SourceDate "2023.07.31"]
[SourceVersion "1"]
[SourceVersionDate "2023.07.31"]
[SourceQuality "1"]

1. c4 Nf6 2. g3 g6 3. b3 Bg7 4. Bb2 0-0 5. Bg2 d6 6. d4 c5 7. Nf3 cxd4 8. Nxd4 Nbd7 9. 0-0 a5 10. Nc3 Nc5 11. Qd2 Bd7 12. h3 Qc8 13. Kh2 a4 14. b4 a3 15. Bxa3 Rxa3 16. bxc5 Qxc5 17. Ndb5 Ra5 18. Bxb7 Qxc4 19. a4 Bxb5 20. axb5 Rxa1 21. Rxa1 Ng4+ 22. hxg4 Bxc3 23. Rc1 Qxb5 24. Rxc3 Qxb7 25. Qc2 Qd5 26. Rc8 Qe6 27. Rxf8+ Kxf8 28. f3 Qe3 29. Kg2 d5 30. Qa2 d4 31. Qa6 Kg7 32. Kf1 e5 33. Qd6 h5 34. gxh5 gxh5 35. Qd5 Qg5 36. Kf2 h4 37. gxh4 Qxh4+ 38. Kf1 Qf4 39. Qd6 Qe3 40. Qd5 Kg6 41. Qd6+ Kh7 42. Qd5 Kg7 43. Qd6 d3 44. Qxd3 Qxd3 45. exd3 Kf6 46. f4 exf4 47. Kf2 Kf5 48. Kf3 Kg5 49. d4 Kf5 50. d5 Ke5 51. d6 Kxd6 52. Kxf4 Ke6 53. Ke4 f5+ 1/2-1/2

[Event "BAN-ch rapid"]
[Site "Sheik"]
[Date "2023.02.25"]
[Round "6"]
[White "M Safwan"]
[Black "Sakline Mostafa, Sajid"]
[Result "0-1"]
[WhiteElo "1462"]
[BlackElo "2055"]
[PlyCount "70"]
[EventDate "2023.02.25"]
[EventType "swiss (rapid)"]
[EventRounds "7"]
[EventCountry "BAN"]
[SourceTitle "EXT 2024"]
[Source "ChessBase"]
[SourceDate "2023.10.10"]
[SourceVersion "1"]
[SourceVersionDate "2023.10.10"]
[SourceQuality "1"]

1. e4 c5 2. Nf3 e6 3. d4 cxd4 4. Nxd4 Nf6 5. Nc3 Nc6 6. Be3 Bb4 7. f3 d5 8. Bb5 Qc7 9. Qd3 0-0 10. 0-0 e5 11. Bg5 Nxd4 12. Bxf6 Bxc3 13. bxc3 Nxb5 14. Qxb5 gxf6 15. Qxd5 Be6 16. Qd2 Rad8 17. Qh6 Qb6+ 18. Kh1 Bc4 19. Rfb1 Qc6 20. Re1 Kh8 21. Re3 Rg8 22. f4 Rg6 23. Qh4 exf4 24. Rh3 Rg7 25. Qxf4 Qd6 26. Qf3 Be6 27. Rh6 Bg4 28. Qf1 Rg6 29. Rh4 Qd1 30. h3 Qxa1 31. Qxa1 Rd1+ 32. Qxd1 Bxd1 33. Rf4 Bxc2 34. c4 Kg7 35. c5 Rg5 0-1

[Event "BAN-ch rapid"]
[Site "Sheik"]
[Date "2023.02.25"]
[Round "2"]
[White "Sakline Mostafa, Sajid"]
[Black "Anindya Singha, Argho"]
[Result "1-0"]
[WhiteElo "2055"]
[BlackElo "1757"]
[PlyCount "62"]
[EventDate "2023.02.25"]
[EventType "swiss (rapid)"]
[EventRounds "7"]
[EventCountry "BAN"]
[SourceTitle "EXT 2024"]
[Source "ChessBase"]
[SourceDate "2023.10.10"]
[SourceVersion "1"]
[SourceVersionDate "2023.10.10"]
[SourceQuality "1"]

1. d4 Nf6 2. c4 d5 3. cxd5 Nxd5 4. e4 Nf6 5. Nc3 Nc6 6. Nf3 Bg4 7. d5 Bxf3 8. Qxf3 Ne5 9. Qd1 e6 10. f4 Ng6 11. Qa4+ Nd7 12. dxe6 fxe6 13. Be3 Be7 14. Qb3 0-0 15. Qxe6+ Kh8 16. 0-0-0 Bd6 17. e5 Re8 18. Qh3 Ndxe5 19. fxe5 Rxe5 20. Kb1 Qe7 21. Bd4 Nf4 22. Qf3 Re6 23. Bc4 Rg6 24. Rhe1 Qg5 25. g3 Nh5 26. Ne4 Qa5 27. Nxd6 cxd6 28. Bc3 Qd8 29. Qxh5 Rc8 30. Bd3 Rxc3 31. Bxg6 h6 1-0

[Event "BAN-ch rapid"]
[Site "Sheik"]
[Date "2023.02.25"]
[Round "4"]
[White "Sakline Mostafa, Sajid"]
[Black "Manon, Reja Neer"]
[Result "0-1"]
[WhiteElo "2055"]
[BlackElo "2166"]
[PlyCount "128"]
[EventDate "2023.02.25"]
[EventType "swiss (rapid)"]
[EventRounds "7"]
[EventCountry "BAN"]
[SourceTitle "EXT 2024"]
[Source "ChessBase"]
[SourceDate "2023.10.10"]
[SourceVersion "1"]
[SourceVersionDate "2023.10.10"]
[SourceQuality "1"]

1. e4 c6 2. d4 d5 3. f3 e6 4. Nc3 Bb4 5. a3 Ba5 6. Nh3 dxe4 7. fxe4 e5 8. dxe5 Qxd1+ 9. Kxd1 Bc7 10. Bf4 Bxh3 11. gxh3 Nd7 12. Rg1 g6 13. Bc4 Bxe5 14. Bg3 Ngf6 15. Rf1 0-0 16. Bxe5 Nxe5 17. Rxf6 Nxc4 18. Ke2 Rad8 19. Rd1 Nxb2 20. Rb1 Nc4 21. Rxb7 Rd2+ 22. Ke1 Rxc2 23. Ne2 Ne5 24. Rxa7 Rb8 25. Kd1 Rbb2 26. Nc1 Rxh2 27. Rf1 Nf3 28. Ne2 Rd2+ 29. Kc1 Rdxe2 30. Ra8+ Kg7 31. Ra7 Rc2+ 32. Kb1 Nd2+ 33. Kxc2 Nxf1+ 34. Kb3 Nd2+ 35. Kb4 Nxe4 36. a4 Rb2+ 37. Kc4 g5 38. a5 Nd6+ 39. Kc5 Nb7+ 40. Kxc6 Nxa5+ 41. Rxa5 Kg6 42. Ra3 h5 43. Kd5 Re2 44. Kd4 f6 45. Kd3 Re8 46. Ra4 Re1 47. Kd2 Re5 48. Kd3 Kf5 49. Ra1 g4 50. Rf1+ Kg5 51. h4+ Kxh4 52. Rxf6 Kg3 53. Kd4 Re8 54. Rh6 h4 55. Kd3 h3 56. Kd2 h2 57. Kd3 Kg2 58. Rh4 g3 59. Rh7 Kg1 60. Rg7 g2 61. Ra7 Re1 62. Kd2 Rf1 63. Ke2 h1Q 64. Ra5 Qh4 0-1

[Event "BAN-ch rapid"]
[Site "Sheik"]
[Date "2023.02.25"]
[Round "7"]
[White "Sakline Mostafa, Sajid"]
[Black "Safwan Swadin, Orjan"]
[Result "1-0"]
[WhiteElo "2055"]
[BlackElo "1651"]
[PlyCount "53"]
[EventDate "2023.02.25"]
[EventType "swiss (rapid)"]
[EventRounds "7"]
[EventCountry "BAN"]
[SourceTitle "EXT 2024"]
[Source "ChessBase"]
[SourceDate "2023.10.10"]
[SourceVersion "1"]
[SourceVersionDate "2023.10.10"]
[SourceQuality "1"]

1. d4 Nf6 2. c4 g6 3. Nc3 Bg7 4. e4 d6 5. Nf3 c5 6. dxc5 Qa5 7. Bd2 Qxc5 8. Bd3 0-0 9. 0-0 Bd7 10. Be3 Qc8 11. Rc1 Nc6 12. Nd5 Qd8 13. Re1 Ng4 14. Bf4 Bxb2 15. Rb1 Be5 16. Nxe5 Ngxe5 17. Rxb7 Nxd3 18. Qxd3 Kh8 19. Bh6 Rg8 20. Qc3+ f6 21. c5 Bc8 22. Rxe7 Ne5 23. f4 Ba6 24. fxe5 dxe5 25. Qh3 Qc8 26. Qxc8 Rgxc8 27. Bg7+ 1-0

[Event "BAN-ch rapid"]
[Site "Sheik"]
[Date "2023.02.25"]
[Round "3"]
[White "Swarnavo, Choudhury"]
[Black "Sakline Mostafa, Sajid"]
[Result "1/2-1/2"]
[WhiteElo "1925"]
[BlackElo "2055"]
[PlyCount "116"]
[EventDate "2023.02.25"]
[EventType "swiss (rapid)"]
[EventRounds "7"]
[EventCountry "BAN"]
[SourceTitle "EXT 2024"]
[Source "ChessBase"]
[SourceDate "2023.10.10"]
[SourceVersion "1"]
[SourceVersionDate "2023.10.10"]
[SourceQuality "1"]

1. e4 c5 2. Nf3 e6 3. d4 cxd4 4. Nxd4 Nc6 5. Nc3 Nf6 6. Nxc6 bxc6 7. e5 Nd5 8. Ne4 Qc7 9. f4 Qb6 10. Bd3 Ba6 11. Qe2 Bxd3 12. Qxd3 Bc5 13. c4 Nb4 14. Qb3 Na6 15. Qxb6 axb6 16. Bd2 Nb4 17. Bxb4 Bxb4+ 18. Ke2 0-0 19. Rhd1 Rad8 20. Rd3 f5 21. Ng5 h6 22. Nf3 d5 23. exd6 Bxd6 24. Rad1 Bc7 25. Rxd8 Rxd8 26. Rxd8+ Bxd8 27. Nd4 Bf6 28. Nxc6 Bxb2 29. a4 Ba3 30. Nd8 Bd6 31. g3 e5 32. Nb7 Bc7 33. fxe5 Bxe5 34. Kd3 f4 35. gxf4 Bxf4 36. h3 g5 37. c5 bxc5 38. Nxc5 Bc7 39. Ke4 Kf7 40. Nb3 Kg6 41. Nd4 Kh5 42. Ne6 Bb6 43. Kf3 Kh4 44. Kg2 Kh5 45. Kg3 Kg6 46. Nf8+ Kf7 47. Nd7 Bc7+ 48. Kg4 Kg6 49. Nf8+ Kf7 50. Nd7 Kg6 51. Nc5 h5+ 52. Kf3 Kf5 53. Nb3 Ke6 54. Nd2 Kd5 55. Ne4 g4+ 56. hxg4 hxg4+ 57. Kxg4 Kxe4 58. a5 Bxa5 1/2-1/2

[Event "BAN-ch rapid"]
[Site "Sheik"]
[Date "2023.02.25"]
[Round "1"]
[White "Wayes, Faruki ALM"]
[Black "Sakline Mostafa, Sajid"]
[Result "0-1"]
[WhiteElo "1508"]
[BlackElo "2055"]
[PlyCount "66"]
[EventDate "2023.02.25"]
[EventType "swiss (rapid)"]
[EventRounds "7"]
[EventCountry "BAN"]
[SourceTitle "EXT 2024"]
[Source "ChessBase"]
[SourceDate "2023.10.10"]
[SourceVersion "1"]
[SourceVersionDate "2023.10.10"]
[SourceQuality "1"]

1. e4 c5 2. Nf3 e6 3. d4 cxd4 4. Nxd4 Nf6 5. Nc3 Nc6 6. Nxc6 bxc6 7. Bg5 Bb4 8. Bd3 Qa5 9. Bxf6 gxf6 10. Qd2 d5 11. exd5 cxd5 12. Bb5+ Ke7 13. Ba4 Bxc3 14. Qxc3 Qxa4 15. 0-0 Bd7 16. Qc5+ Ke8 17. b3 Qc6 18. Qd4 e5 19. Rfe1 Be6 20. Qh4 Bf5 21. Rac1 Rg8 22. Qd4 Be4 23. Qb4 Rxg2+ 24. Kf1 a5 25. Qd2 Rxh2 26. c4 Qe6 27. cxd5 Rh1+ 28. Ke2 Qg4+ 29. Ke3 Rh3+ 30. f3 Qf4+ 31. Kf2 Rh2+ 32. Kf1 Qxf3+ 33. Qf2 Bd3+ 0-1

[Event "BAN-chT Premier"]
[Site "Dhaka"]
[Date "2022.12.01"]
[Round "2.3"]
[White "Narayanan, Sunilduth Lyna"]
[Black "Sakline Mostafa, Sajid"]
[Result "1-0"]
[WhiteElo "2673"]
[BlackElo "1951"]
[PlyCount "91"]
[EventDate "2022.11.30"]
[EventType "team-tourn"]
[EventRounds "11"]
[EventCountry "BAN"]
[SourceTitle "CBM 211 Extra"]
[Source "ChessBase"]
[SourceDate "2023.01.31"]
[SourceVersion "1"]
[SourceVersionDate "2023.01.31"]
[SourceQuality "1"]
[WhiteTeam "SAIF Sporting Club"]
[BlackTeam "Bangladesh Police"]
[WhiteTeamCountry "BAN"]
[BlackTeamCountry "BAN"]

1. d4 d5 2. c4 c6 3. Nf3 Nf6 4. Nc3 e6 5. e3 Nbd7 6. Bd3 dxc4 7. Bxc4 b5 8. Bd3 a6 9. e4 c5 10. d5 e5 11. b3 Bd6 12. a4 b4 13. Ne2 0-0 14. Ng3 Nb6 15. 0-0 Re8 16. Re1 Ra7 17. a5 Na8 18. Be3 Nc7 19. Rc1 Qe7 20. Qc2 Nb5 21. Bxb5 axb5 22. Bxc5 Bxc5 23. Qxc5 Qxc5 24. Rxc5 Rxa5 25. Nxe5 Ra3 26. Rec1 Ba6 27. d6 Rxb3 28. d7 Rf8 29. Nf5 g6 30. Ne7+ Kg7 31. N7c6 Nxe4 32. R5c2 f6 33. Nf3 Rd3 34. Nxb4 Rd6 35. Rc6 Bb7 36. Rc7 Rd8 37. Rxb7 R8xd7 38. Rxd7+ Rxd7 39. Nc6 Rc7 40. Nfd4 Kh6 41. Nxb5 Rc8 42. f3 Ng5 43. Nd6 Rc7 44. Rc4 Ne6 45. Ne8 Rc8 46. Nxf6 1-0

[Event "Dhaka Metropolis op U2100"]
[Site "Dhaka"]
[Date "2022.10.19"]
[Round "3"]
[White "Sakline Mostafa, Sajid"]
[Black "Md, Hasan"]
[Result "1-0"]
[WhiteElo "2001"]
[BlackElo "1795"]
[PlyCount "62"]
[EventDate "2022.10.17"]
[EventType "swiss"]
[EventRounds "9"]
[EventCountry "BAN"]
[SourceTitle "EXT 2024"]
[Source "ChessBase"]
[SourceDate "2023.10.10"]
[SourceVersion "1"]
[SourceVersionDate "2023.10.10"]
[SourceQuality "1"]

1. d4 d5 2. c4 e6 3. Nc3 Nf6 4. cxd5 exd5 5. Bg5 Be7 6. e3 b6 7. Bd3 h6 8. Bh4 Bb7 9. Nge2 0-0 10. 0-0 Ne4 11. Bxe7 Qxe7 12. Qc2 Nf6 13. Ng3 g6 14. Rfe1 Nbd7 15. Rad1 c5 16. dxc5 Nxc5 17. Be2 Rac8 18. Qb1 Kg7 19. Bf3 Qe5 20. Rd2 Nce4 21. Ncxe4 dxe4 22. Be2 Rc5 23. Red1 Rfc8 24. Rd4 h5 25. a3 R8c7 26. Qa2 Bc8 27. Qb1 Bf5 28. Rd6 Be6 29. R6d4 Bb3 30. Re1 Re7 31. Rb4 Qe6 1-0

[Event "Dhaka Metropolis op U2100"]
[Site "Dhaka"]
[Date "2022.10.18"]
[Round "2"]
[White "Md Nazrul Islam, Mondol"]
[Black "Sakline Mostafa, Sajid"]
[Result "0-1"]
[WhiteElo "1722"]
[BlackElo "2001"]
[PlyCount "72"]
[EventDate "2022.10.17"]
[EventType "swiss"]
[EventRounds "9"]
[EventCountry "BAN"]
[SourceTitle "EXT 2024"]
[Source "ChessBase"]
[SourceDate "2023.10.10"]
[SourceVersion "1"]
[SourceVersionDate "2023.10.10"]
[SourceQuality "1"]

1. d4 Nf6 2. c4 g6 3. Nc3 Bg7 4. e4 d6 5. Bd3 0-0 6. f4 e5 7. d5 exf4 8. Bxf4 Nh5 9. Be3 Nd7 10. Be2 Nhf6 11. Nh3 Ne5 12. Nf2 Re8 13. 0-0 a5 14. h3 b6 15. Qd2 Nfd7 16. Bh6 Nc5 17. Rae1 Bf6 18. b3 Bh4 19. Qe3 Bf6 20. Nh1 Bh4 21. Ng3 f6 22. Rf4 Bg5 23. Bxg5 fxg5 24. Rf2 g4 25. Ref1 gxh3 26. Qh6 h2+ 27. Kh1 Qe7 28. Nb5 Bg4 29. Rf4 Bxe2 30. Nxe2 Ncd3 31. Rh4 Rf8 32. Rxf8+ Rxf8 33. Kxh2 Rf1 34. Nbd4 Qf7 35. Qg5 Qf8 36. Qh6 Ng4+ 0-1

[Event "World ol U16"]
[Site "Nakhchivan"]
[Date "2022.10.08"]
[Round "7.9"]
[White "Sakline Mostafa, Sajid"]
[Black "Zajakins, Artjoms"]
[Result "1/2-1/2"]
[WhiteElo "2001"]
[BlackElo "1730"]
[PlyCount "90"]
[EventDate "2022.10.02"]
[EventType "team-swiss"]
[EventRounds "9"]
[EventCountry "AZE"]
[SourceTitle "CBM 210 Extra"]
[Source "ChessBase"]
[SourceDate "2022.11.30"]
[SourceVersion "1"]
[SourceVersionDate "2022.11.30"]
[SourceQuality "1"]
[WhiteTeam "Bangladesh"]
[BlackTeam "Latvia"]
[WhiteTeamCountry "BAN"]
[BlackTeamCountry "LAT"]

1. d4 Nf6 2. c4 g6 3. Nf3 Bg7 4. g3 0-0 5. Bg2 c6 6. 0-0 d5 7. Nbd2 h6 8. Re1 Be6 9. b3 Ne4 10. Bb2 Nxd2 11. Nxd2 Qb6 12. cxd5 cxd5 13. e3 Nc6 14. Nb1 Rfd8 15. Nc3 f5 16. Rc1 Bf7 17. Na4 Qa5 18. a3 Rdc8 19. b4 Qd8 20. Qb3 e6 21. Nc5 Qe7 22. Rc2 Kh7 23. Nd3 Be8 24. Rec1 Bd7 25. Bf1 Rd8 26. Bc3 Rdc8 27. b5 Nd8 28. Nc5 b6 29. Nxd7 Qxd7 30. Bb4 Kg8 31. a4 Bf8 32. Bxf8 Kxf8 33. Rc3 Nb7 34. Qb4+ Kf7 35. Bd3 Rab8 36. Kg2 Rxc3 37. Qxc3 Nd6 38. Qc6 Ke7 39. Qxd7+ Kxd7 40. Kf3 g5 41. h3 Rc8 42. Rxc8 Nxc8 43. g4 Nd6 44. Ke2 Ke7 45. f3 Kf6 1/2-1/2

[Event "World ol U16"]
[Site "Nakhchivan"]
[Date "2022.10.03"]
[Round "2.7"]
[White "Hernandez Izquierdo, Jose A"]
[Black "Sakline Mostafa, Sajid"]
[Result "1-0"]
[WhiteElo "2140"]
[BlackElo "2001"]
[PlyCount "67"]
[EventDate "2022.10.02"]
[EventType "team-swiss"]
[EventRounds "9"]
[EventCountry "AZE"]
[SourceTitle "CBM 210 Extra"]
[Source "ChessBase"]
[SourceDate "2022.11.30"]
[SourceVersion "1"]
[SourceVersionDate "2022.11.30"]
[SourceQuality "1"]
[WhiteTeam "Cuba"]
[BlackTeam "Bangladesh"]
[WhiteTeamCountry "CUB"]
[BlackTeamCountry "BAN"]

1. e4 c5 2. Nf3 e6 3. d4 cxd4 4. Nxd4 Nf6 5. Bd3 Nc6 6. Nxc6 bxc6 7. Nc3 d5 8. 0-0 Be7 9. Bf4 0-0 10. Qf3 g6 11. Bh6 Re8 12. Rfe1 Rb8 13. Rab1 d4 14. e5 Nd7 15. Na4 Qc7 16. Qf4 c5 17. b3 Nb6 18. Nxb6 axb6 19. a4 Bb7 20. h4 Bf8 21. h5 Qd8 22. Bg5 Be7 23. Bf6 Qc7 24. Qg5 Bf8 25. f3 Bd5 26. Kf2 c4 27. bxc4 Bxc4 28. hxg6 fxg6 29. Bxg6 hxg6 30. Qxg6+ Bg7 31. Rh1 Re7 32. Rh7 Bd3 33. cxd3 Qc2+ 34. Kg3 1-0